Panchayati Raj: Parliamentarians and Legislators (Record no. 223621)

MARC details
000 -LEADER
fixed length control field 00754nam a22002537a 4500
005 - DATE AND TIME OF LATEST TRANSACTION
control field 20220707101308.0
008 - FIXED-LENGTH DATA ELEMENTS--GENERAL INFORMATION
fixed length control field 220707b ||||| |||| 00| 0 eng d
040 ## - CATALOGING SOURCE
Transcribing agency AL
041 ## - LANGUAGE CODE
Language code of text/sound track or separate title English
082 ## - DEWEY DECIMAL CLASSIFICATION NUMBER
Edition number 23
Classification number 320.954
Item number PATP
100 ## - MAIN ENTRY--PERSONAL NAME
Personal name Biju Patnaik and others
100 ## - MAIN ENTRY--PERSONAL NAME
9 (RLIN) 47375
245 ## - TITLE STATEMENT
Title Panchayati Raj: Parliamentarians and Legislators
260 ## - PUBLICATION, DISTRIBUTION, ETC.
Place of publication, distribution, etc. New Delhi
Name of publisher, distributor, etc. Concept Publishing Company
Date of publication, distribution, etc. 1994
300 ## - PHYSICAL DESCRIPTION
Extent 32 p.
Other physical details PB
Dimensions 20x13 cm.
365 ## - TRADE PRICE
Price amount ₹200.00
Currency code
Unit of pricing ₹200.00
440 ## - SERIES STATEMENT/ADDED ENTRY--TITLE
Title ISS OCCASIONAL Paper Series-15
9 (RLIN) 47376
650 ## - SUBJECT ADDED ENTRY--TOPICAL TERM
Topical term or geographic name entry element Panchayat
9 (RLIN) 47377
650 ## - SUBJECT ADDED ENTRY--TOPICAL TERM
Topical term or geographic name entry element Politicians
9 (RLIN) 47378
650 ## - SUBJECT ADDED ENTRY--TOPICAL TERM
Topical term or geographic name entry element India
9 (RLIN) 47379
650 ## - SUBJECT ADDED ENTRY--TOPICAL TERM
Topical term or geographic name entry element Legislators
9 (RLIN) 47380
700 ## - ADDED ENTRY--PERSONAL NAME
Personal name PATNAIK (Biju)
9 (RLIN) 47381
700 ## - ADDED ENTRY--PERSONAL NAME
Personal name PATIL (Shivraj)
9 (RLIN) 47382
942 ## - ADDED ENTRY ELEMENTS (KOHA)
Source of classification or shelving scheme Dewey Decimal Classification
Koha item type George Fernandes Collections
Holdings
Withdrawn status Lost status Source of classification or shelving scheme Damaged status Not for loan Collection code Home library Current library Date acquired Total Checkouts Full call number Barcode Date last seen Price effective from Koha item type
    Dewey Decimal Classification     Political Science St Aloysius Library St Aloysius Library 03/23/2013   320.954 PATP GF01582 07/07/2022 07/07/2022 George Fernandes Collections